01334nam a2200181 4500001000500000005001700005020001800022100002400040245005300064250001200117260005400129300002600183505073400209520015500943650000701098650000701105650004001112869720181127190537.000a978032458659600aCarbaugh, Robert J.00aInternational economics /bcRobert J Carbaughh00a12th ed00aMason : bSouth-Western Cengage Learning, c2009.00aXXII, 553 s. ; 23 cm. aCONTENTS: The International Economy and Globalization. 2. Foundations of Modern Trade Theory: Comparative Advantage. 3. Sources of Comparative Advantage. 4. Tariffs. 5. Nontariff Trade Barriers. 6. Trade Regulations and Industrial Policies. 7. Trade Policies for the Developing Nations. 8. Regional Trading Arrangements. 9. International Factor Movements and Multinational Enterprises. 10. The Balance of Payments. 11. Foreign Exchange. 12. Exchange-Rate Determination. 13. Balance-of-Payments Adjustments. 14. Exchange-Rate Adjustments and the Balance of Payments. 15. Exchange- Rate Systems and Currency Crises. 16. Macroeconomic Policy in an Open Economy. 17. International Banking: Reserves, Debt, and Risk.grt aOffers easy-to-understand coverage of international trade and finance theory. This title is also suitable for those with little economics background00ax00ax00aInternational economic relations.x